Les joueurs de Ligue 1 passés par l'Australie - Statistiques

Statistiques générales
  • Ce quiz a été pris 29 fois
  • Le résultat moyen est 5 sur 20
Statistiques - réponses
Hint Réponse % Correct
Monaco - Nice (prêt) - Marseille - Montpellier - MacArthur FC Valère GERMAIN
69%
Kashiwa Reysol - Hanovre - Marseille - Urawa Red Diamonds - Auckland FC Hiroki SAKAI
54%
Caen - Marseille - Chelsea - Arsenal - Tottenham - Perth Glory William GALLAS
54%
Niort - Châteauroux - Rouen (prêt) - Rouen - Clermont - Caen - Rennes - Lyon - Melbourne Victory - Lyon Damien DA SILVA
42%
Santos - Wisla Cracovie - PSV Eindhoven - Hanovre - Besiktas - Lyon - Bordeaux - Western Sydney Wanderers MARCELO
38%
Strasbourg - Southampton - Manchester United - Everton - Nice - Western Sydney Wanderers (prêt) - Konyaspor - A.E Kifisia F.C Morgan SCHNEIDERLIN
38%
Toulouse - Marseille (prêt) - Naples - Carpi (prêt) - Crotone (prêt) - Cosenza (prêt) - VVV Venlo (prêt) - Budapest Honved (prêt) - Ionikos Nikaia - Melbourne Victory FC Zinédine MACHACH
27%
Melbourne City - PEC Zwolle (prêt) - MacArthur FC - Toulouse Denis GENREAU
23%
Wellington Phoenix - AS Saint-Etienne Ben OLD
19%
Cannes - Dijon - Nice - Lille - Brisbane Roar FC - Omonia Nicosie - Nea Salamina Famagouste - AE Troullon Éric BAUTHÉAC
19%
Degerfors - Orgyte - Malmo - PSV Eindhoven - Rennes - Sunderland (prêt) - Toulouse - Melbourne Victory - Malmo Ola TOIVONEN
19%
Amiens - Laval - Angers - Caen - Valenciennes - Bordeaux - Troyes - Melbourne Victory - Brisbane Roar Fahid BEN KHALFALLAH
12%
Evian-Thonon-Gaillard - Reims - Newcastle - Dijon (prêt) - Dijon - Al Faisaly - Western Sydney Wanderers Romain AMALFITANO
12%
Dijon - Sochaux - Melbourne City - Brisbane Roar Florin BÉRINGUER
8%
Lille - Stuttgart - Hoffenheim - Utrecht - Melbourne Victory Mathieu DELPIERRE
8%
Rennes - Dijon (prêt) - Dijon - Hellas Vérone - Auxerre - Botev Plovdiv - Melbourne City FC Samuel SOUPRAYEN
8%
Viking FC - Red Bull Salzburg - Lazio Rome - Fortuna Dusseldorf (prêt) - Reims - Melbourne City (prêt) - LASK Linz Valon BERISHA
8%
Rennes - Marseille - Sochaux - Sivasspor - Bastia (prêt) - Wuhan Zall FC - Sydney FC - CC Mariners - US Sénart-Moissy Jacques FATY
4%
Amiens - Orléans - Nancy - Angers - Red Star - MacArthur FC - Chambly - Rochdale Illinden Loic PUYO
4%
Saint-George Saints - Sydney United - RSC Anderlecht - RC Lens - Blackburn Rovers - West Ham United - Southampton - Wolverhampton - Northern Spirit Robbie SLATER
4%
Aucun quiz correspondant
Distribution des résultats
% des personnes avec chaque résultat
Percentile par nombre de réponses
Votre historique - résultats
Vous n’avez pas pris ce quiz